Haltestellen des REX 3: Salzburg - Wörgl - Statistiken

Allgemein
  • Dieses Quiz wurde 60 mal gespielt
  • Das Durchschnittsergebnis liegt bei 16 aus 27
Antwortstatistiken
Bezirk Bahnhof % Korrekt
S Salzburg Hbf
98%
JO St. Johann im Pongau
95%
KB St. Johann in Tirol
95%
HA Hallein
93%
ZE Zell am See
91%
JO Bischofshofen
84%
JO Schwarzach-St. Veit
81%
S Salzburg Süd
79%
HA Golling-Abtenau
77%
KB Kitzbühel
77%
ZE Saalfelden
77%
KU Wörgl Hbf
77%
HA Kuchl
70%
JO Werfen
70%
ZE Lend
53%
ZE Taxenbach-Rauris
53%
ZE Bruck-Fusch
49%
ZE Leogang
49%
KB Fieberbrunn
44%
KB Hochfilzen
37%
KB Hopfgarten Berglift
35%
KB Brixen im Thale
33%
KB Kitzbühel Hahnenkamm
30%
KB Kirchberg in Tirol
26%
ZE Leogang-Steinberge
21%
KB Westendorf
21%
KB Kitzbühel Schwarzsee
16%
Keine übereinstimmenden Quizze gefunden
Verteilung der Resultate
Anzahl Personen mit jedem Resultat
Perzentil nach korrekt beantworteten Fragen
Ihre Resultats-Entwicklung
Sie haben dieses Quiz noch nicht gespielt